Southville International School and Colleges
Your cart is empty.
  • Cart
  • Lists
    Public lists Eva Luna New books Lux_list list_1
    Your lists Log in to create your own lists
  • Log in to your account
  • Your cookies
  • Search history
Southville International School and Colleges
  • Advanced search
  • Recent comments
  • Most popular
  • Libraries

Log in to your account

Log in with GOOGLE


If you do not have an external account, but do have a local account, you can still log in:

  1. Home
  2. MARC view: Creating the customer-driven academic library /
Normal view MARC view ISBD view

Creating the customer-driven academic library / (Record no. 358059)

[ view plain ]
MARC details
000 -LEADER
fixed length control field 00891nam a2200301Ia 4500
008 - FIXED-LENGTH DATA ELEMENTS--GENERAL INFORMATION
fixed length control field 180620s9999 xx 000 0 und d
020 ## - INTERNATIONAL STANDARD BOOK NUMBER
International Standard Book Number 978-0-8389-0976-8
050 ## - LIBRARY OF CONGRESS CALL NUMBER
Classification number REF Z 675.U5
050 ## - LIBRARY OF CONGRESS CALL NUMBER
Item number .W66 2009
100 ## - MAIN ENTRY--PERSONAL NAME
Personal name Woodward, Jeannette
245 #0 - TITLE STATEMENT
Title Creating the customer-driven academic library /
245 #0 - TITLE STATEMENT
Statement of responsibility, etc Jeannette Woodward
260 ## - PUBLICATION, DISTRIBUTION, ETC. (IMPRINT)
Place of publication, distribution, etc Bangkok, Thailand :
260 ## - PUBLICATION, DISTRIBUTION, ETC. (IMPRINT)
Name of publisher, distributor, etc iGroup Press Co., Ltd.
260 ## - PUBLICATION, DISTRIBUTION, ETC. (IMPRINT)
Date of publication, distribution, etc 2009
300 ## - PHYSICAL DESCRIPTION
Extent 194 pages :
300 ## - PHYSICAL DESCRIPTION
Dimensions 23 cm.
500 ## - GENERAL NOTE
General note Includes bibliographical references and index.
650 ## - SUBJECT ADDED ENTRY--TOPICAL TERM
Topical term or geographic name as entry element Academic libraries --
650 ## - SUBJECT ADDED ENTRY--TOPICAL TERM
Topical term or geographic name as entry element Marketing.
650 ## - SUBJECT ADDED ENTRY--TOPICAL TERM
Topical term or geographic name as entry element Public relations.
650 ## - SUBJECT ADDED ENTRY--TOPICAL TERM
Topical term or geographic name as entry element Public services (Libraries).
650 ## - SUBJECT ADDED ENTRY--TOPICAL TERM
Topical term or geographic name as entry element Space utilization -- Social aspects.
650 ## - SUBJECT ADDED ENTRY--TOPICAL TERM
General subdivision Academic libraries --
650 ## - SUBJECT ADDED ENTRY--TOPICAL TERM
General subdivision Academic libraries --
650 ## - SUBJECT ADDED ENTRY--TOPICAL TERM
General subdivision Academic libraries --
650 ## - SUBJECT ADDED ENTRY--TOPICAL TERM
General subdivision United States.
Holdings
Withdrawn status Lost status Damaged status Home library Current library Shelving location Date acquired Cost, normal purchase price Total Checkouts Full call number Barcode Date last seen Price effective from Koha item type
      South Mansfield College South Mansfield College Reference Section 11/16/2012 795.00   REF Z 675.U5 .W66 2009 SMC05816 06/20/2018 06/20/2018 Books

Creating the customer-driven academic library /

APA

Woodward J., .Creating the customer-driven academic library. Bangkok, Thailand: .

Chicago

Woodward Jeannette, .Creating the customer-driven academic library. Bangkok, Thailand: .

Harvard

Woodward J., .Creating the customer-driven academic library. Bangkok, Thailand: .

MLA

Woodward Jeannette, .Bangkok, Thailand: . .

  • Place hold
  • Print
  • Cite
  • Add to your cart (remove)
  • Save record
    BIBTEX Dublin Core MARCXML MARC (non-Unicode/MARC-8) MARC (Unicode/UTF-8) MARC (Unicode/UTF-8, Standard) MODS (XML) RIS
  • More searches
    Search for this title in:
    Other Libraries (WorldCat) Other Databases (Google Scholar) Online Stores (Bookfinder.com) Open Library (openlibrary.org)

Exporting to Dublin Core...

SOUTHVILLE LIBRARY

Southville International School and Colleges Library

1281 Tropical Ave. Cor. Luxembourg St., BF Homes International, Las Pinas City

Tel. No. 8256374 / 252358 Loc. 117/146

Powered by Koha